00550nam a2200205 a 4500001001300000003000900013005001700022008004100039020002300080082002200103100001700125245003600142260003200178300000900210500003500219505002900254650002100283650002300304700001700327nice12345678IN_TiNIC20260116014201.0050524s2000 dela grp 000 0 eng  a8172733 c45000a305.6297054bAHM3 aAhmad, Zafar aIslam and Muslims in South Asia aDelhi bAuthor Press c2000 a253p aincludes index and biblioraphy2 aChronology, Bibliography aIslam-South Asia aMuslims-South Asia1 aAhmad, Zafar